000 00387nam a2200121Ia 4500
008 171212s9999 xx 000 0 und d
020 _a9780833049193
100 _aChivvis, Christopher S.
245 _cChivvis, Christopher S.
_aEU Civilian Crisis Management
_bThe Record So Far
260 _bRAND Corporation
_c2010
650 _aHistory
856 _uwww.jstor.org/stable/10.7249/mg945osd
999 _c352020
_d352020